| 000 | 01058njm a22002777a 4500 | ||
|---|---|---|---|
| 005 | 20100921143544.0 | ||
| 006 | a|||||r|||||00| 0 | ||
| 007 | sd ammalaaahaa | ||
| 008 | 100907t xxu||||| |||| 00| 0 eng d | ||
| 028 |
_aSFLP-1143 _bSuper |
||
| 035 | _aGR-07771 | ||
| 100 |
_aShabbir Kumar _918693 |
||
| 245 |
_aLoha / _cby Shabbir Kumar ; Music by Laxmikant-Pyarelal ; lyric by Farook Qajser _h[Sound recording] |
||
| 246 | _aलोहा / | ||
| 260 |
_aDum Dum, India _bSuper _c1987 |
||
| 300 |
_a1 sound disc [Gramophone Recording] _banalog, 33 1/3rpm ; _c12 in. (LP) _fGramaphone Records |
||
| 500 | _aBrief records | ||
| 500 | _aRecord Lables Super, Red | ||
| 505 | _aSide-1 (Tu Ladki Number one Hai) (Shabbir Kumar) --Side-2 (Hum Gharibon NeTera) (Shailendra Singh) | ||
| 600 | _2Shabbir Kumar | ||
| 650 |
_aClassical Music _xExcerpts _zIndia _918694 |
||
| 700 |
_aPyarelal, Laxmikant _920968 |
||
| 700 |
_aQajser, Farook _920969 |
||
| 942 |
_2ddc _cGR |
||
| 999 |
_c47282 _d47282 |
||